000 00504nam a2200193Ia 4500
003 OSt
005 20220926035150.0
006 a|||||r|||| 00| 0
007 ta
008 220923b |||||||| |||| 00| 0 eng d
037 _cGeneral Book
040 _aRTL
_cRTL
_beng
041 _2eng
_aeng
082 _aX:9.73.N5, J6
245 0 _aAMERICAN WORKERS fact book
650 _aLabour Economics -- United States
_9264262
942 _hX:9.73.N5, J6
_cGB
_2CC
999 _c661526
_d661526